Southville International School and Colleges
Your cart is empty.
  • Cart
  • Lists
    Public lists Eva Luna New books Lux_list list_1
    Your lists Log in to create your own lists
  • Log in to your account
  • Your cookies
  • Search history
Southville International School and Colleges
  • Advanced search
  • Recent comments
  • Most popular
  • Libraries

Log in to your account

Log in with GOOGLE


If you do not have an external account, but do have a local account, you can still log in:

  1. Home
  2. MARC view: Ancient revelations of the Bible /
Normal view MARC view ISBD view

Ancient revelations of the Bible / (Record no. 8671)

[ view plain ]
MARC details
000 -LEADER
fixed length control field 00964cam a22002893a 4500
001 - CONTROL NUMBER
control field 16408841
003 - CONTROL NUMBER IDENTIFIER
control field OSt
005 - DATE AND TIME OF LATEST TRANSACTION
control field 20140310182035.0
008 - FIXED-LENGTH DATA ELEMENTS--GENERAL INFORMATION
fixed length control field 950606s1995 nyuf 001 0 eng d
010 ## - LIBRARY OF CONGRESS CONTROL NUMBER
LC control number 97813603
020 ## - INTERNATIONAL STANDARD BOOK NUMBER
International Standard Book Number 0440218020 (pbk.) :
Terms of availability $5.99
035 ## - SYSTEM CONTROL NUMBER
System control number (OCoLC)ocm32600786
040 ## - CATALOGING SOURCE
Original cataloging agency KTP
Transcribing agency KTP
Modifying agency SPP
-- DLC
050 00 - LIBRARY OF CONGRESS CALL NUMBER
Classification number BS 417
Item number .Se467 1995
100 1# - MAIN ENTRY--PERSONAL NAME
Personal name Sellier, Charles E.
9 (RLIN) 10665
245 10 - TITLE STATEMENT
Title Ancient revelations of the Bible /
Statement of responsibility, etc Charles E. Sellier.
260 ## - PUBLICATION, DISTRIBUTION, ETC. (IMPRINT)
Place of publication, distribution, etc New York, N.Y. :
Name of publisher, distributor, etc Dell Pub.,
Date of publication, distribution, etc c1995.
300 ## - PHYSICAL DESCRIPTION
Extent 312 p. ;
Other physical details ill. ;
Dimensions 18 cm.
500 ## - GENERAL NOTE
General note Subtitle on cover: The thrilling discoveries that shatter centuries of doubt!
500 ## - GENERAL NOTE
General note "A Dell book."
500 ## - GENERAL NOTE
General note Includes index.
630 00 - SUBJECT ADDED ENTRY--UNIFORM TITLE
Uniform title Bible.
Name of part/section of a work O.T.
General subdivision History of Biblical events.
9 (RLIN) 10666
710 2# - ADDED ENTRY--CORPORATE NAME
Corporate name or jurisdiction name as entry element Copyright Paperback Collection (Library of Congress)
Institution to which field applies DLC
9 (RLIN) 705
906 ## - LOCAL DATA ELEMENT F, LDF (RLIN)
a 7
b cbc
c copycat
d 2
e ncip
f 19
g y-genrareb
942 ## - ADDED ENTRY ELEMENTS (KOHA)
Source of classification or shelving scheme Library of Congress Classification
Koha item type
Holdings
Withdrawn status Lost status Source of classification or shelving scheme Damaged status Home library Current library Shelving location Date acquired Total Checkouts Full call number Barcode Date last seen Copy number Price effective from Koha item type
    Library of Congress Classification   Luxembourg Library Luxembourg Library High School Section 08/15/2013   BS 417 .Se467 1995 10583 08/15/2013 1 08/15/2013 Books

Ancient revelations of the Bible /

APA

Sellier C. E., Copyright Paperback Collection (Library of Congress), . (1995). Ancient revelations of the Bible. New York, N.Y: Dell Pub.

Chicago

Sellier Charles E, Copyright Paperback Collection (Library of Congress), . 1995. Ancient revelations of the Bible. New York, N.Y: Dell Pub.

Harvard

Sellier C. E., Copyright Paperback Collection (Library of Congress), . (1995). Ancient revelations of the Bible. New York, N.Y: Dell Pub.

MLA

Sellier Charles E, Copyright Paperback Collection (Library of Congress), . Ancient revelations of the Bible. New York, N.Y: Dell Pub. 1995.

  • Place hold
  • Print
  • Cite
  • Add to your cart (remove)
  • Save record
    BIBTEX Dublin Core MARCXML MARC (non-Unicode/MARC-8) MARC (Unicode/UTF-8) MARC (Unicode/UTF-8, Standard) MODS (XML) RIS
  • More searches
    Search for this title in:
    Other Libraries (WorldCat) Other Databases (Google Scholar) Online Stores (Bookfinder.com) Open Library (openlibrary.org)

Exporting to Dublin Core...

SOUTHVILLE LIBRARY

Southville International School and Colleges Library

1281 Tropical Ave. Cor. Luxembourg St., BF Homes International, Las Pinas City

Tel. No. 8256374 / 252358 Loc. 117/146

Powered by Koha